000
00307nam a22001457a 4500
008
231124b ||||| |||| 00| 0 eng d
020
_a
052134428X
041
_a
eng
080
_a
101
082
_a
101FOR
100
_a
44
101
_a
FILOZ
245
_a
WHEN DID I BEGIN
_c
FORD .M.N
942
_2
udc
_c
BK
999
_c
60501
_d
60501